000 00777nam a2200205Ii 4500
003 JO-AjNU
008 230605s9999||||xx |||||||||||||| ||und||
040 _aJO-AjNU
_bara
_erda
_cJO-AjNU
041 _aara
050 1 4 _aBP88.1998
100 3 _aالعريني، سليمان بن عبد العزيز,
_eauthor
_934807
245 0 0 _aالإمام أيوب بن أبي تيمية السختياني :سيد العلماء في زمانه
250 _aط1
264 3 1 _aالرياض:مكتبة الرشد للنشر والتوزيع ،شركة الرياض للنشر والتوزيع ،1998
300 _a135ص
336 _atext
_btxt
_2rdacontent
337 _aunmediated
_bn
_2rdamedia
338 _avolume
_bnc
_2rdacarrier
650 4 _aالاسلام-تراجم
_934808
999 _aA14308
_c17876
_d17876